[Event "Hessen 1-Berlin 1"]
[Site "?"]
[Date "2015.09.10"]
[Round "5.1"]
[White "Reichenbach, Werner"]
[Black "Clara, Hans-Joachim"]
[Result "1/2-1/2"]
[BlackElo "2327"]
[BlackTeam "Hessen 1"]
[EventDate "2015.??.??"]
[PlyCount "32"]
[WhiteElo "2214"]
[WhiteTeam "Berlin 1"]

1. e4 c5 2. Nf3 d6 3. b3 Nf6 4. Nc3 Nc6 5. Bb5 Bd7 6. Bb2 e6 7. O-O Be7 8. Re1
O-O 9. d4 cxd4 10. Nxd4 Qc7 11. Nxc6 Bxc6 12. Bd3 a6 13. Re3 Rfe8 14. Rh3 b5 15.
a3 Qb7 16. Qe2 g6  1/2-1/2

[Event "Hessen 1-Berlin 1"]
[Site "?"]
[Date "2015.09.10"]
[Round "5.2"]
[White "Nehmert, Ulrich"]
[Black "Postler, Reinhard"]
[Result "1/2-1/2"]
[BlackElo "2215"]
[BlackTeam "Berlin 1"]
[EventDate "2015.??.??"]
[PlyCount "66"]
[WhiteElo "2360"]
[WhiteTeam "Hessen 1"]

1. c4 c6 2. e4 d5 3. exd5 cxd5 4. cxd5 Nf6 5. d4 Nxd5 6. Nc3 e6 7. Nf3 Be7 8.
Bc4 O-O 9. O-O Nc6 10. a3 b6 11. Re1 Nxc3 12. bxc3 Bb7 13. Ba2 Bf6 14. Nd2 Rc8
15. Ne4 Be7 16. Qh5 Na5 17. Ng5 h6 18. Nxf7 Rxf7 19. Bxe6 Qf8 20. Bxh6 Rc6 21.
Bxf7+ Qxf7 22. Qxf7+ Kxf7 23. Bf4 Rxc3 24. Rac1 Rc4 25. Bb8 a6 26. a4 Bd5 27.
Bc7 Ba3 28. Rxc4 Nxc4 29. Rb1 a5 30. Bxb6 Nxb6 31. Rxb6 Bb4 32. h4 Bb3 33. Kf1
Bxa4  1/2-1/2

[Event "Hessen 1-Berlin 1"]
[Site "?"]
[Date "2015.09.10"]
[Round "5.3"]
[White "Thormann, Wolfgang"]
[Black "Bosbach, Gerhard"]
[Result "1/2-1/2"]
[BlackElo "2204"]
[BlackTeam "Hessen 1"]
[EventDate "2015.??.??"]
[PlyCount "59"]
[WhiteElo "2224"]
[WhiteTeam "Berlin 1"]

1. e4 c5 2. Nc3 Nc6 3. g3 g6 4. Bg2 Bg7 5. d3 Nf6 6. Nh3 d6 7. O-O O-O 8. f4 e6
9. Nf2 Nd4 10. Ne2 Rb8 11. Be3 Nxe2+ 12. Qxe2 b6 13. Rad1 Ba6 14. g4 d5 15. g5
Nxe4 16. Bxe4 dxe4 17. Nxe4 Bb7 18. b3 Qd5 19. Qg4 f5 20. gxf6 Bxf6 21. Rd2 Be7
22. Kf2 Qf5 23. Qxf5 exf5 24. Ng3 Rbd8 25. d4 Rd7 26. Rfd1 Rfd8 27. dxc5 Rxd2+
28. Rxd2 Rxd2+ 29. Bxd2 Bxc5+ 30. Be3  1/2-1/2

[Event "Hessen 1-Berlin 1"]
[Site "?"]
[Date "2015.09.10"]
[Round "5.4"]
[White "Kargoll, Herbert"]
[Black "Glienke, Manfred"]
[Result "1/2-1/2"]
[BlackElo "2276"]
[BlackTeam "Berlin 1"]
[EventDate "2015.??.??"]
[PlyCount "60"]
[WhiteElo "2184"]
[WhiteTeam "Hessen 1"]

1. e4 c5 2. Nf3 Nc6 3. Bb5 Nf6 4. e5 Nd5 5. O-O g6 6. Nc3 Nc7 7. Bxc6 dxc6 8.
Ne4 Ne6 9. Re1 Bg7 10. d3 O-O 11. c3 b6 12. Be3 Ba6 13. d4 Qd5 14. Neg5 Nxg5 15.
Bxg5 f6 16. Bf4 cxd4 17. cxd4 Rad8 18. Qa4 Qb5 19. Qa3 Rfe8 20. Rad1 g5 21. exf6
exf6 22. Bd6 Qa5 23. Qxa5 bxa5 24. Bc5 Be2 25. Rd2 Bxf3 26. Rxe8+ Rxe8 27. gxf3
a6 28. Bb6 a4 29. Kf1 Rb8 30. Bc5 Bf8  1/2-1/2

[Event "Wuerttemberg 1-Baden"]
[Site "?"]
[Date "2015.09.10"]
[Round "5.1"]
[White "Nekrasov, Mihail"]
[Black "Frick, Christoph"]
[Result "1/2-1/2"]
[BlackElo "2204"]
[BlackTeam "Berlin 1"]
[EventDate "2015.??.??"]
[PlyCount "46"]
[WhiteElo "2394"]
[WhiteTeam "Hessen 1"]

1. e4 c6 2. Nc3 d5 3. d4 dxe4 4. Nxe4 Nf6 5. Nxf6+ exf6 6. c3 Bd6 7. Bd3 O-O 8.
Qc2 Re8+ 9. Ne2 g6 10. Be3 Be6 11. O-O Qc7 12. g3 Bg4 13. c4 Bf3 14. Rfe1 Na6
15. a3 Qd7 16. Nc3 Qh3 17. Bf1 Qh5 18. Bg2 Nc7 19. Bxf3 Qxf3 20. Qe2 Qf5 21.
Rad1 h5 22. Qd3 Qf3 23. Qe2 Qf5  1/2-1/2

[Event "Wuerttemberg 1-Baden"]
[Site "?"]
[Date "2015.09.10"]
[Round "5.2"]
[White "Fritsch, Rolf"]
[Black "Werner, Clemens"]
[Result "1/2-1/2"]
[BlackElo "2330"]
[BlackTeam "Berlin 1"]
[EventDate "2015.??.??"]
[PlyCount "31"]
[WhiteElo "2219"]
[WhiteTeam "Hessen 1"]

1. d4 Nf6 2. c4 d6 3. Nc3 e5 4. dxe5 dxe5 5. Qxd8+ Kxd8 6. Bg5 Be6 7. Nf3 Nd7 8.
O-O-O Kc8 9. e3 c6 10. a3 Ng4 11. Bh4 f6 12. h3 Nh6 13. g4 a5 14. Be2 a4 15. Ne4
Nf7 16. Nfd2  1/2-1/2

[Event "Wuerttemberg 1-Baden"]
[Site "?"]
[Date "2015.09.10"]
[Round "5.3"]
[White "Herbrechtsmeier, Christof"]
[Black "Seyfried, Claus"]
[Result "1/2-1/2"]
[BlackElo "2159"]
[BlackTeam "Berlin 1"]
[EventDate "2015.??.??"]
[PlyCount "175"]
[WhiteElo "2275"]
[WhiteTeam "Hessen 1"]

1. e4 e5 2. Nf3 Nc6 3. Bc4 Nf6 4. Ng5 d5 5. exd5 Na5 6. Bb5+ c6 7. dxc6 bxc6 8.
Be2 h6 9. Nf3 e4 10. Ne5 Bc5 11. c3 Qc7 12. b4 Qxe5 13. bxc5 Nb7 14. Qa4 O-O 15.
Ba3 Bg4 16. Bxg4 Nxg4 17. h3 Nf6 18. O-O Nd8 19. Re1 Ne6 20. d4 Qf5 21. Bc1 Nd5
22. Qc2 Ng5 23. Bxg5 Qxg5 24. h4 Qg6 25. Qxe4 Rae8 26. Qxe8 Rxe8 27. Rxe8+ Kh7
28. Nd2 Nf4 29. g3 Qd3 30. gxf4 Qxd2 31. Re3 Qb2 32. Rd1 Qxa2 33. d5 cxd5 34.
Rd4 Qb1+ 35. Kh2 Qf1 36. Rf3 Qe2 37. Kg2 Qe6 38. f5 Qc6 39. Rfd3 Qxc5 40. Rxd5
Qc4 41. R5d4 Qc5 42. Rf3 a5 43. f6 gxf6 44. Rdf4 Qe7 45. Rxf6 Kg7 46. R6f4 Kf8
47. Kf1 Qa3 48. Rxf7+ Ke8 49. Ra7 Qc5 50. Ra8+ Ke7 51. Re3+ Kd7 52. Kg1 Kc7 53.
Ree8 Qd5 54. Rec8+ Kb6 55. Rab8+ Ka7 56. Rb1 Qd7 57. Rc4 Qf7 58. Rg4 Qf5 59.
Rg7+ Ka6 60. Rb2 Qe4 61. Rg3 Qxh4 62. Rg6+ Ka7 63. Rbb6 Qe4 64. Rbf6 Qb1+ 65.
Kh2 Qb8+ 66. Kh3 Qc8+ 67. Kh4 Qc4+ 68. f4 Qc8 69. f5 Qd8 70. Kh5 a4 71. Ra6+ Kb7
72. Rxa4 Qd1+ 73. Rgg4 Qh1+ 74. Kg6 h5 75. Rab4+ Kc7 76. Rh4 Qf3 77. f6 Qd3+ 78.
Rbe4 Qd6 79. Rhf4 Kb6 80. Rb4+ Ka5 81. Kxh5 Qd1+ 82. Kg6 Qg1+ 83. Rg4 Qe3 84.
Rg2 Qd3+ 85. Kg7 Qd5 86. Rf2 Qg5+ 87. Kf8 Qxf6+ 88. Rxf6  1/2-1/2

[Event "Wuerttemberg 1-Baden"]
[Site "?"]
[Date "2015.09.10"]
[Round "5.4"]
[White "Weisenburger, Horst"]
[Black "Kiefer, Gerhard"]
[Result "1/2-1/2"]
[BlackElo "2230"]
[BlackTeam "Berlin 1"]
[EventDate "2015.??.??"]
[PlyCount "31"]
[WhiteElo "2153"]
[WhiteTeam "Hessen 1"]

1. e4 c5 2. Nf3 e6 3. d4 cxd4 4. c3 Nf6 5. e5 Nd5 6. cxd4 d6 7. Nc3 Nxc3 8. bxc3
Qc7 9. Qb3 Nd7 10. Bb5 a6 11. Bxd7+ Bxd7 12. Ba3 Bc6 13. O-O Bd5 14. Bxd6 Bxd6
15. exd6 Qxd6 16. c4  1/2-1/2

[Event "Hamburg 1-Rheinland-Pfalz 1"]
[Site "?"]
[Date "2015.09.10"]
[Round "5.1"]
[White "Giesen, Dieter"]
[Black "Engelbert, Christoph"]
[Result "1/2-1/2"]
[BlackElo "2206"]
[BlackTeam "Berlin 1"]
[EventDate "2015.??.??"]
[PlyCount "37"]
[WhiteElo "2201"]
[WhiteTeam "Hessen 1"]

1. e4 g6 2. d4 Bg7 3. Nc3 d6 4. Be3 a6 5. a4 Nf6 6. h3 O-O 7. Nf3 b6 8. Bd3 Bb7
9. O-O e6 10. Qd2 c5 11. Rfe1 Nbd7 12. Bh6 cxd4 13. Nxd4 Nc5 14. Bxg7 Kxg7 15.
b4 Nxd3 16. cxd3 Rc8 17. Rec1 Nd7 18. Na2 Qf6 19. Rxc8  1/2-1/2

[Event "Hamburg 1-Rheinland-Pfalz 1"]
[Site "?"]
[Date "2015.09.10"]
[Round "5.2"]
[White "Schellhorn, Wolfgang"]
[Black "Schumacher, Gottfried"]
[Result "1/2-1/2"]
[BlackElo "2218"]
[BlackTeam "Berlin 1"]
[EventDate "2015.??.??"]
[PlyCount "96"]
[WhiteElo "2153"]
[WhiteTeam "Hessen 1"]

1. e4 c5 2. Nf3 Nc6 3. d4 cxd4 4. Nxd4 Nf6 5. Nc3 e6 6. Ndb5 Bc5 7. Bf4 O-O 8.
Bd6 Qb6 9. Qd2 Bxd6 10. Nxd6 Qxb2 11. Rb1 Qa3 12. Be2 a6 13. Rb3 Qc5 14. Na4 Qe5
15. Nb6 Rb8 16. f4 Qa1+ 17. Qd1 Qxd1+ 18. Bxd1 Na7 19. a4 Rd8 20. O-O Kf8 21.
Bf3 Ne8 22. e5 Nxd6 23. exd6 f5 24. h3 Kf7 25. g4 g6 26. Re1 Nc6 27. c3 Kf6 28.
g5+ Kf7 29. Rb2 Rh8 30. h4 h6 31. gxh6 Rxh6 32. Rh2 Kf6 33. Kf2 Nd8 34. h5 Nf7
35. Rd1 g5 36. fxg5+ Nxg5 37. Rg1 Nf7 38. Rg8 Nxd6 39. Nxd7+ Bxd7 40. Rxb8 Bxa4
41. Bxb7 Nxb7 42. Rxb7 Bb5 43. Rb6 f4 44. Kf3 Kf5 45. Rh4 Ke5 46. Rh1 Kf5 47.
Rh4 Ke5 48. Rh1 Kf5  1/2-1/2

[Event "Hamburg 1-Rheinland-Pfalz 1"]
[Site "?"]
[Date "2015.09.10"]
[Round "5.3"]
[White "Villing, Dieter"]
[Black "Horn, Peter"]
[Result "1/2-1/2"]
[BlackElo "2110"]
[BlackTeam "Berlin 1"]
[EventDate "2015.??.??"]
[PlyCount "44"]
[WhiteElo "2103"]
[WhiteTeam "Hessen 1"]

1. d4 Nf6 2. Nc3 d5 3. Bg5 Nbd7 4. Qd3 c6 5. e4 dxe4 6. Nxe4 Nxe4 7. Qxe4 Qa5+
8. Bd2 Qd5 9. Qxd5 cxd5 10. Nf3 e6 11. c4 dxc4 12. Bxc4 Bd6 13. O-O O-O 14. Rfe1
Nb6 15. Bb3 Bd7 16. Ne5 Ba4 17. Nc4 Nxc4 18. Bxc4 Rac8 19. Rac1 Bc6 20. a3 h6
21. Be3 Rfd8 22. Be2 Bd5  1/2-1/2

[Event "Hamburg 1-Rheinland-Pfalz 1"]
[Site "?"]
[Date "2015.09.10"]
[Round "5.4"]
[White "Maahs, Erich"]
[Black "Kelchner, Hans"]
[Result "1-0"]
[BlackElo "2161"]
[BlackTeam "Berlin 1"]
[EventDate "2015.??.??"]
[PlyCount "93"]
[WhiteElo "2081"]
[WhiteTeam "Hessen 1"]

1. d4 Nf6 2. Nf3 e6 3. Bg5 c5 4. e3 Qb6 5. Qc1 Be7 6. c3 Nc6 7. Bd3 d5 8. Nbd2
cxd4 9. exd4 Bd7 10. O-O Rc8 11. Qb1 h6 12. Bh4 Nh5 13. Bxe7 Kxe7 14. Re1 Nf4
15. Bf1 g5 16. g3 Ng6 17. Nb3 g4 18. Nfd2 h5 19. Bg2 Kf8 20. Nc5 Nb8 21. a4 Kg7
22. b4 Qc7 23. c4 b6 24. Nxd7 Qxd7 25. cxd5 exd5 26. b5 h4 27. Qb3 h3 28. Bxd5
Rhd8 29. Be4 Qxd4 30. Bxg6 Kxg6 31. Nf1 Rc3 32. Qb1+ Kg7 33. Ne3 Kg8 34. Qf5 Kf8
35. Rad1 Rd3 36. Rxd3 Qxd3 37. Qxg4 Qc3 38. Rf1 Qc8 39. Nf5 Qc3 40. Qxh3 Qf6 41.
Qg4 Re8 42. Rd1 Qc3 43. h4 Re1+ 44. Rxe1 Qxe1+ 45. Kg2 Qc3 46. h5 Nd7 47. h6 
1-0

[Event "Mecklenburg-Vorpommern 1-Niedersachsen 1"]
[Site "?"]
[Date "2015.09.10"]
[Round "5.1"]
[White "Clemens, Christian"]
[Black "Ackermann, Hans Werner"]
[Result "1/2-1/2"]
[BlackElo "2333"]
[BlackTeam "Mecklenburg-Vorpommern 1"]
[EventDate "2015.??.??"]
[PlyCount "79"]
[WhiteElo "2211"]
[WhiteTeam "Niedersachsen 1"]

1. g3 e5 2. c4 Nc6 3. Bg2 Nf6 4. Nc3 Bc5 5. a3 d6 6. e3 O-O 7. Nge2 Re8 8. d3
Bb6 9. O-O Ne7 10. b4 c6 11. d4 h6 12. Bb2 Nf5 13. dxe5 dxe5 14. c5 Bc7 15. Qc2
Be6 16. Rfd1 Qc8 17. e4 Ne7 18. Rd2 Bh3 19. Bh1 h5 20. Nd1 b6 21. Ne3 Qe6 22.
Nc4 Rad8 23. Rad1 Rxd2 24. Rxd2 Nc8 25. Ne3 g6 26. b5 Ne7 27. Nc3 bxc5 28. bxc6
Qxc6 29. Ncd5 Nexd5 30. exd5 Qa6 31. Nc4 Nd7 32. d6 Ba5 33. Re2 Bd8 34. Bd5 Be6
35. Bxe6 Rxe6 36. Nxe5 Nxe5 37. Rxe5 Qxd6 38. Rxc5 Bf6 39. Rc8+ Kg7 40. Bxf6+ 
1/2-1/2

[Event "Mecklenburg-Vorpommern 1-Niedersachsen 1"]
[Site "?"]
[Date "2015.09.10"]
[Round "5.2"]
[White "Jeske, Eckhard"]
[Black "Ljubarskij, Juri"]
[Result "0-1"]
[BlackElo "2226"]
[BlackTeam "Niedersachsen 1"]
[EventDate "2015.??.??"]
[PlyCount "56"]
[WhiteElo "2144"]
[WhiteTeam "Mecklenburg-Vorpommern 1"]

1. Nf3 Nf6 2. c4 c6 3. d4 d5 4. cxd5 cxd5 5. Nc3 Nc6 6. Bf4 Nh5 7. Bd2 Nf6 8. e3
Bg4 9. Be2 e6 10. Qa4 Nd7 11. a3 Bd6 12. b4 O-O 13. Qb3 Rc8 14. Rc1 f5 15. Nxd5
Kh8 16. Nc3 e5 17. dxe5 Ndxe5 18. Nxe5 Nxe5 19. f4 Bxe2 20. Kxe2 Nc4 21. Nb1 b5
22. Rcd1 Qe7 23. Kf2 Rcd8 24. Rhe1 Rf6 25. Kg1 Re6 26. g3 Bc7 27. Kg2 Bb6 28.
Nc3 Qb7+  0-1

[Event "Mecklenburg-Vorpommern 1-Niedersachsen 1"]
[Site "?"]
[Date "2015.09.10"]
[Round "5.3"]
[White "Adibekian, Roubik"]
[Black "Pruesse, Horst"]
[Result "1-0"]
[BlackElo "2037"]
[BlackTeam "Mecklenburg-Vorpommern 1"]
[EventDate "2015.??.??"]
[PlyCount "98"]
[WhiteElo "2210"]
[WhiteTeam "Niedersachsen 1"]

1. d4 Nf6 2. g3 e6 3. Bg2 c5 4. Nf3 cxd4 5. O-O d5 6. Nxd4 Be7 7. c4 O-O 8. cxd5
Nxd5 9. e4 Nb4 10. Nc3 N8c6 11. Nxc6 Nxc6 12. Be3 Bf6 13. Qxd8 Rxd8 14. Rfd1 Bd7
15. Rac1 Ne5 16. Bf1 Bc6 17. Be2 Nd7 18. f3 a6 19. Bd4 Kf8 20. b4 b5 21. Nb1
Bxd4+ 22. Rxd4 Rac8 23. Rd6 Bb7 24. Rxc8 Bxc8 25. Kf2 Ke7 26. Rd1 Bb7 27. Rc1
Rc8 28. Rxc8 Bxc8 29. Ke3 Nb6 30. Kd4 Bb7 31. Nc3 Kd6 32. f4 f6 33. e5+ Kc7 34.
Bd1 Nd5 35. Nxd5+ Bxd5 36. a3 Kc6 37. g4 fxe5+ 38. Kxe5 h6 39. h4 Kd7 40. g5 Bc4
41. Bf3 Kc7 42. gxh6 gxh6 43. Kf6 Bd5 44. Bxd5 exd5 45. Ke5 Kc6 46. h5 d4 47.
Kxd4 Kd6 48. f5 Kd7 49. Ke4 Ke7  1-0

[Event "Mecklenburg-Vorpommern 1-Niedersachsen 1"]
[Site "?"]
[Date "2015.09.10"]
[Round "5.4"]
[White "Kliewe, Hans-Juergen"]
[Black "Jolowicz, Matias"]
[Result "1/2-1/2"]
[BlackElo "2159"]
[BlackTeam "Niedersachsen 1"]
[EventDate "2015.??.??"]
[PlyCount "49"]
[WhiteElo "2026"]
[WhiteTeam "Mecklenburg-Vorpommern 1"]

1. d4 Nf6 2. Nf3 g6 3. Bf4 Bg7 4. e3 d6 5. Be2 O-O 6. h3 b6 7. O-O Bb7 8. c4
Nbd7 9. Nc3 Re8 10. Rc1 h6 11. b4 e5 12. Bh2 exd4 13. exd4 Ne4 14. Nxe4 Bxe4 15.
Nd2 Bb7 16. Bf3 Bxf3 17. Nxf3 a5 18. b5 Re4 19. Qd2 Qf6 20. Rfe1 Rae8 21. Rxe4
Rxe4 22. Re1 Qe7 23. Kf1 Qe6 24. Qd3 Rxe1+ 25. Nxe1  1/2-1/2

[Event "Berlin 2-Schleswig-Holstein 1"]
[Site "?"]
[Date "2015.09.10"]
[Round "5.1"]
[White "Salov, Sergej"]
[Black "Welz, Peter"]
[Result "1/2-1/2"]
[BlackElo "2095"]
[BlackTeam "Niedersachsen 1"]
[EventDate "2015.??.??"]
[PlyCount "39"]
[WhiteElo "2251"]
[WhiteTeam "Mecklenburg-Vorpommern 1"]

1. e4 e6 2. d4 d5 3. Nd2 c5 4. exd5 exd5 5. Ngf3 Nc6 6. Bb5 Bd6 7. dxc5 Bxc5 8.
O-O Ne7 9. Nb3 Bb6 10. Be3 O-O 11. Bxb6 Qxb6 12. Bxc6 bxc6 13. Qd4 Rb8 14. Rab1
Bf5 15. Qc3 Qb4 16. Qxb4 Rxb4 17. Nfd4 c5 18. Nxf5 Nxf5 19. c3 Rb5 20. Rfd1 
1/2-1/2

[Event "Berlin 2-Schleswig-Holstein 1"]
[Site "?"]
[Date "2015.09.10"]
[Round "5.2"]
[White "Albrecht, Rainer"]
[Black "Gruzmann, Boris"]
[Result "1/2-1/2"]
[BlackElo "2259"]
[BlackTeam "Niedersachsen 1"]
[EventDate "2015.??.??"]
[PlyCount "35"]
[WhiteElo "2036"]
[WhiteTeam "Mecklenburg-Vorpommern 1"]

1. d4 Nf6 2. c4 d6 3. Nc3 Bf5 4. f3 e5 5. d5 e4 6. g4 Bg6 7. g5 Nfd7 8. fxe4 Be7
9. Nf3 f6 10. h4 c5 11. Qd3 Na6 12. Bd2 Nb4 13. Qb1 Bh5 14. a3 Na6 15. Qd3 O-O
16. Rh3 Nc7 17. Rg3 a6 18. a4  1/2-1/2

[Event "Berlin 2-Schleswig-Holstein 1"]
[Site "?"]
[Date "2015.09.10"]
[Round "5.3"]
[White "Neumann, Joachim"]
[Black "Federau, Juergen"]
[Result "1/2-1/2"]
[BlackElo "2121"]
[EventDate "2015.??.??"]
[PlyCount "49"]
[WhiteElo "2112"]

1. c4 e5 2. g3 Nc6 3. Nc3 g6 4. Bg2 Bg7 5. e4 Nge7 6. Nge2 d6 7. d3 O-O 8. O-O
a6 9. a4 a5 10. Bg5 h6 11. Be3 Nd4 12. Nb5 Nxe2+ 13. Qxe2 c6 14. Nc3 Be6 15.
Rad1 Qc8 16. d4 f5 17. dxe5 dxe5 18. Bc5 Rf7 19. Bb6 Qe8 20. Rd2 Kh7 21. Rfd1
Rf8 22. Rd8 Qf7 23. Rxa8 Rxa8 24. b3 f4 25. f3  1/2-1/2

[Event "Berlin 2-Schleswig-Holstein 1"]
[Site "?"]
[Date "2015.09.10"]
[Round "5.4"]
[White "Sprotte, Norbert"]
[Black "Dittmann, Hans-Adolf"]
[Result "1-0"]
[BlackElo "2141"]
[EventDate "2015.??.??"]
[PlyCount "113"]
[WhiteElo "2186"]

1. Nf3 Nf6 2. g3 g6 3. b3 Bg7 4. Bb2 O-O 5. Bg2 d6 6. d4 Nc6 7. d5 Nb4 8. c4 c5
9. O-O Rb8 10. Nc3 Ne4 11. Qc1 Nxc3 12. Bxc3 Bxc3 13. Qxc3 e5 14. dxe6 Bxe6 15.
h4 Bg4 16. Rfd1 Qe7 17. Rd2 Nc6 18. Rad1 Bxf3 19. Qxf3 Nd4 20. Qd3 Rfd8 21. e3
Nc6 22. Qe4 Kf8 23. Qf4 Ne5 24. Qh6+ Kg8 25. Qg5 Kf8 26. Qh6+ Kg8 27. h5 b5 28.
hxg6 hxg6 29. Bd5 Qf6 30. Qf4 Kg7 31. cxb5 Rxb5 32. Qxf6+ Kxf6 33. f4 Ng4 34.
Bf3 Nxe3 35. Rxd6+ Rxd6 36. Rxd6+ Ke7 37. Ra6 g5 38. Rxa7+ Ke6 39. Kf2 gxf4 40.
gxf4 Nc2 41. Be2 Rb8 42. Bc4+ Kd6 43. Bxf7 Rh8 44. Kg3 Nd4 45. Kg4 Rh1 46. Kg5
Rf1 47. Bc4 Rf2 48. a4 Rf3 49. Kg4 Re3 50. Ra6+ Kc7 51. f5 Nxb3 52. Bd5 Nd4 53.
f6 Re8 54. f7 Rd8 55. Rg6 c4 56. Rg8 Rxd5 57. f8=Q  1-0

[Event "Niedersachsen 2-Brandenburg 1"]
[Site "?"]
[Date "2015.09.10"]
[Round "5.1"]
[White "Schulz, Michael"]
[Black "Jentsch, Dieter"]
[Result "1-0"]
[BlackElo "2172"]
[BlackTeam "Niedersachsen 2"]
[EventDate "2015.??.??"]
[PlyCount "99"]
[WhiteElo "2214"]
[WhiteTeam "Brandenburg 1"]

1. e4 e6 2. Nf3 d5 3. e5 c5 4. b4 cxb4 5. d4 Nc6 6. a3 bxa3 7. c3 Bd7 8. Bd3 b5
9. Nxa3 a6 10. O-O b4 11. cxb4 Bxb4 12. Nc2 a5 13. Rb1 Nge7 14. Ng5 Nf5 15. Bxf5
exf5 16. Qh5 g6 17. Qf3 Be7 18. Nxf7 Kxf7 19. Qxd5+ Be6 20. Qxc6 Rc8 21. Qa4 Rc4
22. Qa2 Rxd4 23. Qa1 Rd7 24. Bh6 g5 25. f4 g4 26. Rb5 Qc8 27. Rc1 Qc4 28. Qxa5
Rhd8 29. Rbb1 Bc5+ 30. Kh1 Qxc2 31. Rxc2 Rd1+ 32. Qe1 Rxe1+ 33. Rxe1 Bb4 34. Bg5
Rd7 35. Rec1 Kg6 36. Rc6 Kf7 37. Rc7 h5 38. Kg1 Bd2 39. Rxd7+ Bxd7 40. Rb1 Be3+
41. Kf1 Bc6 42. g3 Be4 43. Rd1 Bc6 44. Rd6 Bb5+ 45. Ke1 Bc4 46. Rf6+ Kg7 47.
Rxf5 Bg1 48. Rf6 Bxh2 49. Kf2 Bd5 50. Rh6  1-0

[Event "Niedersachsen 2-Brandenburg 1"]
[Site "?"]
[Date "2015.09.10"]
[Round "5.3"]
[White "Grottke, Hans-Joachim"]
[Black "Kaiser, Gerhard"]
[Result "0-1"]
[BlackElo "2152"]
[BlackTeam "Niedersachsen 2"]
[EventDate "2015.??.??"]
[PlyCount "104"]
[WhiteElo "2193"]
[WhiteTeam "Brandenburg 1"]

1. e4 c5 2. Nf3 Nf6 3. Nc3 e6 4. e5 Nd5 5. Nxd5 exd5 6. d4 Nc6 7. c3 d6 8. Bb5
Be7 9. O-O O-O 10. exd6 Qxd6 11. dxc5 Qxc5 12. Qa4 a6 13. Bd3 b5 14. Qc2 h6 15.
Be3 Qd6 16. b4 Bg4 17. Nd4 Rac8 18. Qd2 Ne5 19. a4 f5 20. f3 f4 21. Bxf4 Bd7 22.
Bxe5 Qxe5 23. Rfe1 Bg5 24. Qf2 Qd6 25. Qb2 bxa4 26. Bb1 Bf4 27. h3 Bh2+ 28. Kh1
Bg3 29. Re2 Bb5 30. Nxb5 axb5 31. Qc2 Rfe8 32. Qh7+ Kf8 33. Qf5+ Qf6 34. Qxf6+
gxf6 35. Rxe8+ Kxe8 36. Bd3 Rb8 37. Kg1 Kd7 38. Kf1 Kc6 39. Ra2 Be5 40. Ra3 Re8
41. Kf2 Kb6 42. Bf5 Re7 43. g4 Rc7 44. Be6 Bxc3 45. Bxd5 Bxb4 46. Ra2 Ka5 47.
Ke2 Bd6 48. Kd3 b4 49. Rc2 Rxc2 50. Kxc2 Kb5 51. Bf7 b3+ 52. Bxb3 axb3+  0-1

[Event "Niedersachsen 2-Brandenburg 1"]
[Site "?"]
[Date "2015.09.10"]
[Round "5.4"]
[White "Schneider, Alexander"]
[Black "Walkewitz, Hubert"]
[Result "0-1"]
[BlackElo "2140"]
[BlackTeam "Brandenburg 1"]
[EventDate "2015.??.??"]
[PlyCount "82"]
[WhiteElo "1989"]
[WhiteTeam "Niedersachsen 2"]

1. d4 f5 2. c4 Nf6 3. Nc3 g6 4. b3 Bg7 5. Bb2 d6 6. Nf3 Na6 7. e3 c6 8. Be2 Nb4
9. a3 Na6 10. Qc2 O-O 11. O-O Qe8 12. b4 Nc7 13. Rfd1 Bd7 14. Bd3 e5 15. dxe5
dxe5 16. Nxe5 Qxe5 17. Nd5 Qd6 18. Nxf6+ Bxf6 19. Bxf5 Bxf5 20. Rxd6 Bxc2 21.
Bxf6 Ne8 22. Rd2 Nxf6 23. Rxc2 Rad8 24. Kf1 Ng4 25. Ke1 Nxh2 26. f3 Nxf3+ 27.
gxf3 Rxf3 28. Ke2 Rh3 29. Rc3 Kf7 30. c5 g5 31. Rb1 g4 32. Rf1+ Kg7 33. Rf2 h5
34. Rg2 Kg6 35. Rd3 Rxd3 36. Kxd3 Rf3 37. a4 Kg5 38. b5 h4 39. bxc6 bxc6 40. Ke4
h3 41. Rb2 Rf7  0-1

[Event "Bremen-NRW"]
[Site "?"]
[Date "2015.09.10"]
[Round "5.1"]
[White "Khanukov, Boris"]
[Black "Buchal, Stephan"]
[Result "0-1"]
[BlackElo "2297"]
[BlackTeam "Bremen"]
[EventDate "2015.??.??"]
[PlyCount "180"]
[WhiteElo "2334"]
[WhiteTeam "NRW"]

1. d4 g6 2. e4 Bg7 3. Nc3 d6 4. f4 a6 5. Nf3 b5 6. Bd3 Nd7 7. e5 c5 8. Be4 Rb8
9. Be3 b4 10. Ne2 Qc7 11. O-O Nh6 12. h3 O-O 13. c3 Bb7 14. Bxb7 Rxb7 15. Ng3
bxc3 16. bxc3 Qa5 17. Qd3 Rfb8 18. Rf2 cxd4 19. cxd4 Qb5 20. Rd1 d5 21. Rc2 Nb6
22. Rc5 Qa4 23. Qb3 Qxb3 24. axb3 e6 25. Ra5 Na8 26. Nd2 Nc7 27. Rc1 Bf8 28. Ra4
Be7 29. Ngf1 Nf5 30. Bf2 h5 31. g3 Kf8 32. Kg2 Ke8 33. g4 Ng7 34. Nf3 Kd7 35.
N1d2 Rb6 36. Bh4 Bxh4 37. Nxh4 hxg4 38. hxg4 Rb4 39. Rxb4 Rxb4 40. Nhf3 Nge8 41.
Kf2 Nb5 42. Ke3 Na7 43. Rh1 Nc6 44. Rh7 Ke7 45. Ng5 Nd8 46. Rh1 Nc7 47. Ra1 Rb6
48. Ngf3 Nb5 49. Ne1 Nc6 50. Nc2 a5 51. Kd3 Rb8 52. Rh1 Rc8 53. Nb1 Nb4+ 54.
Nxb4 axb4 55. g5 Rc7 56. Rd1 Kd7 57. Rh1 Rc8 58. Rh7 Ke7 59. Rh1 Rc6 60. Rd1 Ra6
61. Nd2 Rc6 62. Nb1 Ra6 63. Nd2 Ra2 64. Rc1 Kd7 65. Rd1 Rb2 66. Rb1 Ra2 67. Rd1
Kc6 68. Rc1+ Kb6 69. Rd1 Rb2 70. Rc1 Ra2 71. Rd1 Ra8 72. Rh1 Rc8 73. Nb1 Rc7 74.
Rd1 Ra7 75. Nd2 Ra2 76. Nf3 Rf2 77. Ke3 Rb2 78. Rd3 Nc3 79. Nd2 Kb5 80. Kf2 Rc2
81. Ke3 Rc1 82. Kf3 Rd1 83. Ke3 Rh1 84. Nf3 Rb1 85. Nd2 Rh1 86. Nf3 Ne4 87. Ke2
Ra1 88. Nd2 Ra2 89. Ke3 Nc3 90. Nf3 Re2#  0-1

[Event "Bremen-NRW"]
[Site "?"]
[Date "2015.09.10"]
[Round "5.2"]
[White "Rust-Lux, Klaus"]
[Black "Rotstein, Jefim"]
[Result "1-0"]
[BlackElo "2317"]
[BlackTeam "NRW"]
[EventDate "2015.??.??"]
[PlyCount "62"]
[WhiteElo "2106"]
[WhiteTeam "Bremen"]

1. d4 Nf6 2. c4 c5 3. d5 e6 4. Nc3 exd5 5. cxd5 d6 6. e4 Be7 7. Nf3 O-O 8. Be2
Nbd7 9. O-O Ne8 10. Nd2 Bf6 11. a4 Qe7 12. Re1 Nc7 13. Qc2 Na6 14. Bxa6 bxa6 15.
f4 Bd4+ 16. Kh1 Nf6 17. Nf3 Re8 18. Bd2 Bxc3 19. Bxc3 Nxe4 20. Rxe4 Qxe4 21. Re1
Bf5 22. Rxe4 Rxe4 23. Qb3 Rae8 24. h3 Rxf4 25. Kh2 h6 26. a5 g5 27. Qb7 g4 28.
hxg4 Rxg4 29. Qc6 Re2 30. Qa8+ Kh7 31. Qh8+ Kg6  1-0

[Event "Bremen-NRW"]
[Site "?"]
[Date "2015.09.10"]
[Round "5.3"]
[White "Hassenrueck, Helmut"]
[Black "Gerhardt, Peter-Michael"]
[Result "1-0"]
[BlackElo "1969"]
[BlackTeam "Bremen"]
[EventDate "2015.??.??"]
[PlyCount "51"]
[WhiteElo "2248"]
[WhiteTeam "NRW"]

1. d4 Nf6 2. Nf3 g6 3. c4 c5 4. Nc3 cxd4 5. Nxd4 Bg7 6. e4 d6 7. Be2 O-O 8. O-O
Nc6 9. Be3 Bd7 10. Qd2 Nxd4 11. Bxd4 Bc6 12. f3 b6 13. Rac1 Nd7 14. Bxg7 Kxg7
15. Kh1 Nc5 16. b4 Nb7 17. f4 a5 18. a3 axb4 19. axb4 f6 20. Bg4 Bd7 21. Bxd7
Qxd7 22. Nd5 Qd8 23. Qd4 Ra4 24. Ra1 e5 25. Qf2 Rxa1 26. Rxa1  1-0

[Event "Bremen-NRW"]
[Site "?"]
[Date "2015.09.10"]
[Round "5.4"]
[White "Meyer, Irmin"]
[Black "Neese, Hans-Joachim"]
[Result "1/2-1/2"]
[BlackElo "2175"]
[BlackTeam "NRW"]
[EventDate "2015.??.??"]
[PlyCount "68"]
[WhiteElo "1991"]
[WhiteTeam "Bremen"]

1. e4 c5 2. c3 d5 3. exd5 Qxd5 4. d4 Nf6 5. Nf3 Bg4 6. Be2 e6 7. O-O Be7 8. h3
Bh5 9. c4 Qd6 10. Be3 Nbd7 11. Nc3 a6 12. dxc5 Qxd1 13. Rfxd1 Nxc5 14. g4 Bg6
15. Ne5 Nfe4 16. Nxg6 hxg6 17. Nxe4 Nxe4 18. Bf3 Ng5 19. Bxb7 Rb8 20. Bxa6 Rxb2
21. Rab1 Nxh3+ 22. Kg2 Rxb1 23. Rxb1 Bd6 24. Rb7 Nf4+ 25. Bxf4 Bxf4 26. Bb5+ Kd8
27. Rxf7 g5 28. c5 Rh2+ 29. Kg1 Rh3 30. a4 Rc3 31. c6 Kc8 32. Rd7 Kb8 33. Rb7+
Ka8 34. Rd7 Kb8  1/2-1/2